000
00256nam a2200097Ia 4500
082
_a
ETF KEAT
245
0
_a
Rose October
100
_a
KEATS, Felicity Malvern, South Africa, 1998
_9
54671
942
_c
BK
008
210817s9999 xx 000 0 und d
999
_c
215475
_d
215474